000
00309nam a22001337a 4500
008
170802b xxu||||| |||| 00| 0 eng d
020
_a
9781580762731
041
_a
eng
080
_a
004
100
_a
32
101
_a
SHK
245
_a
WEB PAGE FUNDAMENTALS WITH FRONTPAGE
_c
ZIMMERMAN,P.H
942
_2
udc
_c
BK
999
_c
22517
_d
22517